[Event "COL-ch School U09"]
[Site "Yumbo"]
[Date "2010.04.29"]
[Round "5.2"]
[White "Zapata, Cristian"]
[Black "Munoz, Juan David"]
[Result "0-1"]
[WhiteElo "1300"]
[BlackElo "1566"]
[PlyCount "44"]
[EventDate "2010.04.27"]
[EventType "swiss"]
[EventRounds "7"]
[EventCountry "COL"]
[SourceTitle "EXT 2024"]
[Source "ChessBase"]
[SourceDate "2023.10.10"]
[SourceVersion "1"]
[SourceVersionDate "2023.10.10"]
[SourceQuality "1"]

1. e4 c5 2. Nf3 d6 3. d4 cxd4 4. Nxd4 Nf6 5. Nc3 Nc6 6. Nxc6 bxc6 7. Be3 e5 8. Qd2 Be7 9. 0-0-0 0-0 10. Bc4 Be6 11. Bxe6 fxe6 12. Bg5 d5 13. exd5 exd5 14. Bxf6 Bxf6 15. h4 Bxh4 16. Qe2 Rxf2 17. Qh5 Qg5+ 18. Qxg5 Bxg5+ 19. Kb1 Rxg2 20. Rdg1 Rxg1+ 21. Rxg1 Rf8 22. a3 h6 0-1

[Event "COL-ch School U09"]
[Site "Yumbo"]
[Date "2010.04.27"]
[Round "2.7"]
[White "Zapata, Cristian"]
[Black "Martinez, Cristian Camilo"]
[Result "0-1"]
[WhiteElo "1300"]
[BlackElo "1379"]
[PlyCount "36"]
[EventDate "2010.04.27"]
[EventType "swiss"]
[EventRounds "7"]
[EventCountry "COL"]
[SourceTitle "EXT 2024"]
[Source "ChessBase"]
[SourceDate "2023.10.10"]
[SourceVersion "1"]
[SourceVersionDate "2023.10.10"]
[SourceQuality "1"]

1. e4 e5 2. Nf3 Nc6 3. d4 exd4 4. Nxd4 Nf6 5. Nc3 Bb4 6. Nxc6 bxc6 7. Qd4 Bxc3+ 8. Qxc3 Nxe4 9. Qxg7 Rf8 10. Qe5+ Qe7 11. Qxe7+ Kxe7 12. Bd3 Nf6 13. 0-0 d6 14. Re1+ Be6 15. Bc4 Rg8 16. Bxe6 fxe6 17. Bg5 Rxg5 18. f4 Rg7 0-1